Chimija probnyj pridručnyk dľa 10. klasu zahaľnoosvitňoji školy

Bibliographic Details
Main Author: Fabini, Ján, 1913-1981 (Author)
Other Authors: Pauková, Marie, 1906-1977 (Translator)
Format: Book
Language:Ukrainian
Slovak
PhysicalDescription:142, [1] s. 8°
Published: Bratislava Slovenské pedagogické nakladateľstvo 1960
Subjects:

MARC

LEADER 00000nam a2200000 a 4500
001 vtls008324493
003 SK-MaSNL
005 20260301141656.0
008 230403s1960 xo ukr
015 |a SNBA1960/04-00520 
035 |a SK01SNK19600016710 
035 |a urn:nbn:sk:snk-amlma4 
035 |a urn:nbn:sk:snk-am00bw98 
035 |a D7AEA983-EC67-4728-BFBA-1DC5A2146810 
035 |a SKM000019173 
040 |a SNK  |b slo  |c SNK  |e AACR2 
041 1 |a ukr  |h slo 
044 |a xo 
080 |a 54(075.3)=83  |2 1981 
100 1 |a Fabini, Ján,  |d 1913-1981  |4 aut  |9 122746 
245 1 0 |a Chimija  |b probnyj pridručnyk dľa 10. klasu zahaľnoosvitňoji školy  |c avtory: Jan Fabini i Marija Kamaradova ; iz slov. movy perekl. Andrij Džuhan 
260 |a Bratislava  |b Slovenské pedagogické nakladateľstvo  |c 1960  |e Bratislava  |f Západoslovenské tlačiarne 
300 |a 142, [1] s.  |c 8° 
500 |a Ilustr. Pozn. Tb. 
563 |a 220 výtl. 
650 0 7 |a chémia  |x učebnice všeobecnovzdel. škôl (10. roč.) ukr.  |2 SNK  |9 496087 
655 7 |a učebnice  |2 SNKPH  |9 22521 
700 1 |a Pauková, Marie,  |d 1906-1977  |4 trl  |9 117047 
852 |a Slovenská národná knižnica 
954 |a odborná, vedecká literatúra pôvodná (slovenská)  |2 lita 
958 |a OND 
958 |a TL 
958 |a RK 
958 |a UC 
958 |a UA 
958 |a OP 
958 |a EUIPO 
999 |c 767935  |d 769865 
952 |a SNK  |b SNK  |y PREZ  |7 0  |p 17A0629786  |o snkSD 18219  |i snkKSP 347/60  |0 0  |1 0  |4 0  |d 2009-11-04  |f 1  |l 0  |r 2025-12-02 00:00:00  |w 2026-02-24